000 01070nam a2200193 i 4500
001 125496
003 ES-MaACL
005 20250820063043.0
007 t|
008 070614s19081928sp |||| | cat d
100 1 _aSanpere i Miquel, Salvador,
_d1840-1915
_9103195
245 1 3 _aLa pintura mig-eval catalana /
_cper Salvador Sanpere i Miquel.
260 _aBarcelona :
_b[s.n.,
_c1908-1928?] (
_fTip. "L'Avenç")
300 _a5 v. :
_bil. ;
_c23 cm.
505 8 _aContiene: Vol.1, fasc.1: Fonts. Fi de l'art antic -- Vol.1, fasc.2: L'art barbre -- Vol.2, fasc.1: L'art del Trescents. Els mestres -- Vol.2, fasc.2: Els trescentistes catalans abans de Pedralbes. La miniatura -- Vol.2, fasc.3: Dels pintors contemporanis den Ferrer Bassa -- Vol.2, fasc.4: Pedralbes. En Ferrer Bassa -- Vol.2, fasc.5: Els trescentistes. Ferrer Bassa -- Vol.2, fasc. 6: Els trescentistes. Jaume Serra-- Vol.2, fasc.6: Els trescentistes. LLorenç Saragossa
650 4 _aPintura medieval-
_zCataluña.
_9155972
852 _aES-MaACL
_jT-1235-F-6-13
999 _c125496
_d125496